000 00584nam a2200193Ia 4500
005 20250508170000.0
008 008 250505s9999 xx 000 0 eng d
037 _aTextual
040 _aFEDL
_beng
_cFEDL
041 _aeng
_2eng
084 _a070.410 92, VER
_qFEDL
100 _aVerghese B G
245 0 _aWarrior of the fourth estate: Ramnath Goenka of express
260 _aNew Delhi, India
_bPenguin Group
_c2005
300 _axviii, 342p.
546 _aGifted by HOD. Namita Ranganathan
942 _cTEXL
_h070.410 92, VER
999 _c1398518
_d1398518